Možnosti poistenia úverových a finančných rizík
Komerčné a politické riziká v oblasti zahraničného obchodu. Komerčné riziká vyplývajúce z ekonomickej alebo finančnej situácie dlžníka (platobná neschopnosť). Riziká inflačné a kurzové.
Guardado en:
| Autor principal: | |
|---|---|
| Formato: | Capítulo de libro |
| Lenguaje: | eslovaco |
| Materias: | |
| Etiquetas: |
Sin Etiquetas, Sea el primero en etiquetar este registro!
|
MARC
| LEADER | 00000naa a2200000 4500 | ||
|---|---|---|---|
| 001 | r021971 | ||
| 005 | 20221213100303.0 | ||
| 041 | 0 | |a slo | |
| 044 | |a SK | ||
| 245 | 1 | 0 | |a Možnosti poistenia úverových a finančných rizík |c H. Múdra |
| 520 | |a Komerčné a politické riziká v oblasti zahraničného obchodu. Komerčné riziká vyplývajúce z ekonomickej alebo finančnej situácie dlžníka (platobná neschopnosť). Riziká inflačné a kurzové. | ||
| 610 | 2 | 0 | |a poistenie |
| 610 | 2 | 0 | |a riziko |
| 610 | 2 | 0 | |a úver |
| 610 | 2 | 0 | |a obchod zahraničný |
| 610 | 2 | 0 | |a inflácia |
| 610 | 2 | 0 | |a kurz menový |
| 100 | 1 | |a Múdra, H. | |